000 00833 a2200181 4500
003 Nust
005 20230131141702.0
040 _cNust
082 _a808.83,KEY
100 _aKeyses, Nial O'Malley
_9108260
245 _aBlubber ship /
_cNial O'Malley Keyses,
260 _aGeorge G.Harrap & Co. Ltd
_bBombay
_c1939
300 _a275 p
_billus
_c24 cm
505 _aEton Exit (Page-11), A Bad Smell (Page-34), Chaos and Confusion (Page-54), Trouble in Paradise (Page-76), Chown Time (Page-98), Bolling Blubber Ferzon Meat (Page-119), Whalers Waterloo (Page-142), All Quiet at San Clement (Page-166), Killer Boat (Page-185), Promoted Buson (Page-212), Outcasts (Page-232), The Savage returns to Civilizations (Page-253).
600 _aKeyses, Nial O'Malley
_9108260
650 _aBlubber ship
_9108261
942 _2ddc
_cBK
_k808.83,KEY
999 _c186342
_d186342